La educación física

Kaydedildi:
Detaylı Bibliyografya
Yazar: Blázquez Sánchez, Domingo (Yazar)
Materyal Türü: Kitap
Dil:İspanyolca
Baskı/Yayın Bilgisi: Barcelona INDE Publicaciones 2006
Edisyon:2a. ed
Seri Bilgileri:Biblioteca Temática del Deporte
Konular:
Etiketler: Etiketle
Etiket eklenmemiş, İlk siz ekleyin!

MARC

LEADER 00000nam a2200000 a 4500
001 UCI9427
003 CL-VaPUC
008 081120e20060000SP |||||||||||||||||spa|d
020 |a 849511402X 
082 0 4 |a 372.86  |b BLA  |2 21 
100 0 |a Blázquez Sánchez, Domingo  |e author  |9 533178 
245 1 3 |a La educación física 
250 |a 2a. ed 
300 |a 105 p 
942 |c BK 
945 |d 20081120 00:00:00  |a rbrito 
260 |a Barcelona  |b INDE Publicaciones  |c 2006 
650 0 |a Educación física  |9 240893 
650 7 |a ENSEÑANZA DE LA EDUCACION FISICA  |2 CL-VaPUC  |9 394746 
650 0 |a Formación profesional de profesores  |9 307493 
650 7 |a PROFESORES DE EDUCACION FISICA  |2 CL-VaPUC  |9 533179 
650 0 |a Educación básica   |9 224933 
583 |a last modification  |c 20081120 00:00:00  |k Rodrigo Vera 
490 0 |a Biblioteca Temática del Deporte 
999 |c 331964  |d 331962 
952 |0 0  |1 0  |4 0  |6 372_860000000000000_BLA_2006  |7 0  |8 A  |9 419213  |a BIBEDU  |b BIBEDU  |d 2019-11-22  |i 449749K  |o 372.86 BLA 2006  |p 449749K  |r 2019-11-22  |w 2019-11-22  |y BK  |k EFI